Most Mountainous Countries - Statistics

General Stats
  • This quiz has been taken 59 times
  • The average score is 5 of 10
Answer Stats
Mountain Coverage Country % Correct
80.7% Nepal
96%
83.6% Switzerland
88%
98.8% Bhutan
84%
85.9% Armenia
57%
91.9% Tajikistan
55%
90.7% Kyrgyzstan
53%
90.5% Lesotho
39%
85.5% North Macedonia
29%
89.3% Montenegro
27%
81.1% Lebanon
20%
No matching quizzes found
Score Distribution
Percent of People with Each Score
Percentile by Number Answered
Your Score History
You have not taken this quiz